مكتبة جامعة عجلون الوطنية

فهرس بحث المكتبة

Normal view MARC view
  • فن الكتابة الصحفية - وجهات نظر

Entry Topical Term

Number of records used in: 1

001 - CONTROL NUMBER

  • control field: 50296

003 - CONTROL NUMBER IDENTIFIER

  • control field: JO-AjAnu

005 - DATE AND TIME OF LATEST TRANSACTION

  • control field: 20230606082301.0

008 - FIXED-LENGTH DATA ELEMENTS

  • fixed length control field: 230606|| aca||aabn | a|a d

040 ## - CATALOGING SOURCE

  • Original cataloging agency: JO-AjAnu
  • Transcribing agency: JO-AjAnu

150 ## - HEADING--TOPICAL TERM

  • Topical term or geographic name entry element: فن الكتابة الصحفية - وجهات نظر

670 ## - SOURCE DATA FOUND

  • Source citation: Work cat.: (JO-AjAnu)25714: عبيدات، شفيق, author 50295, وجهات نظر في فن الكتابة الصحفية البحث والدراسة